Statistiche per Tutti i partiti italiani eletti alla Camera dei Deputati

Clicka qui per fare il quiz!

Statistiche generali

  • Questo quiz è stato fatto 287 volte
  • Il punteggio medio è 23 su 80

Statistiche sulle risposte

Prima volta elettoPartito% Corretto
1992Lega Nord
96%
2008Partito Democratico
95%
1994Forza Italia
91%
1953Partito Comunista Italiano
88%
1948Democrazia Cristiana
86%
1953Partito Socialista Italiano
83%
2013Movimento 5 stelle
81%
2013Fratelli d'Italia
75%
1948Movimento Sociale Italiano
62%
1948Partito Repubblicano Italiano
60%
1953Partito Liberale Italiano
58%
2018+Europa
57%
2008Il Popolo della Libertà
57%
2006L'Ulivo
53%
1994Alleanza Nazionale
52%
2018Liberi e Uguali
50%
1996Rinnovamento Italiano
50%
2006Unione di Centro
50%
1992Rifondazione Comunista
43%
1992Lista Pannella
42%
2001Democratici di Sinistra
41%
1992Federazione dei Verdi
41%
1992Partito Democratico della Sinistra
41%
2001Il Girasole
40%
2001La Margherita
40%
1994Lega d'Azione Meridionale
40%
1987Lista Verde
40%
2006La Rosa nel Pugno
39%
1958Partito Radicale
39%
1953Partito Social Democratico Italiano
39%
1948Partito Popolare Sudtirolese
31%
1968Partito Socialista Unificato
31%
1994Partito Popolare Italiano
30%
2006Italia dei Valori
29%
2006 (estero)L'Unione
29%
2013Sinistra Ecologia e Libertà
29%
2013Centro Democratico
25%
1972Democrazia Proletaria
21%
1948Partito Sardo d'Azione
21%
2013Scelta Civica
21%
2006UDEUR POPOLARI
21%
2006Comunisti Italiani
20%
2001Biancofiore
18%
2018Civica Popolare
18%
1968Partito Socialista Italiano d'Unità Proletaria
18%
1996Centro Cristiano-Democratico
15%
1948Fronte Democratico Popolare
15%
2018Italia Europa Insieme
14%
1983Liga Veneta
14%
2008 (estero)Movimento Associativo Italiani all'estero
14%
1987Lega Lombarda
13%
1994Patto Segni
13%
1996Cristiano Democratici Uniti
12%
1948Partito Nazionale Monarchico
12%
1958Unione Valdostana
12%
1979Partito d'Unità Proletaria
11%
1992La Rete
10%
2001NUOVO PSI
10%
1948Unità Socialista
10%
2008Movimento Per l'Autonomia
9%
1994Alleanza Democratica
8%
1996Democrazia e Liberta
8%
2018Noi con l'Italia UDC
8%
1948Blocco Nazionale
7%
2013 (estero)Unione Sudamericana Emigrati Italiani
7%
1963Partito Democratico Italiano di Unità Monarchica
6%
1958Partito Monarchico Popolare
5%
1996Popolari per Prodi
5%
1948Partito Contadini d'Italia
4%
1958Movimento Comunità
3%
2006 (estero)Associazione Italiana Sud America
2%
2001Con Illy per Trieste
2%
2006Democrazia Cristiana-NPSI
1%
1992Federalismo-Pensionati-UV
1%
2001Nuova Sicilia
1%
2006 (estero)Per l'Italia nel Mondo (Tremaglia)
1%
1979Associazione per Trieste
0%
1992Lega Autonomia Veneta
0%
2001Riformatori Sardi
0%
1996Unione Autonomista Ladina
0%

Distribuzione punteggi

Percentile per numero di risposta

Percentuale di utenti per punteggio

I tuoi punteggi nel tempo

Non hai fatto questo quiz